00553nam a2200169Ia 4500003000900000008004100009020002200050040001600072080002300088245011700111260003700228300001300265490005100278650001400329650001600343700002400359IN-BaIIA211028s9999 xx 000 0 eng d a978-1-4020-2470-2 cIIA Library a52(082.1)bASS-308 0aSupermassive black holes in the distant universecedited by Amy J. Barger  aDordrechtbKluwer Academicc2004 ax, 298p. aAstrophysics and space science library; v. 308 aAstronomy aBlack holes aBarger, Amy J., ed.